Rock mechanics and the design of structures in rock (Record no. 530138)
[ view plain ]
| 000 -LEADER | |
|---|---|
| fixed length control field | 00709cam a22002291 4500 |
| 001 - CONTROL NUMBER | |
| control field | 9876238 |
| 005 - DATE AND TIME OF LATEST TRANSACTION | |
| control field | 20191010185317.0 |
| 008 - FIXED-LENGTH DATA ELEMENTS--GENERAL INFORMATION | |
| fixed length control field | 750501s1967 nyua b 000 0 eng |
| 010 ## - LIBRARY OF CONGRESS CONTROL NUMBER | |
| LC control number | 66026753 |
| 015 ## - NATIONAL BIBLIOGRAPHY NUMBER | |
| National bibliography number | GB67-19128 |
| 040 ## - CATALOGING SOURCE | |
| Transcribing agency | DLC |
| 082 ## - DEWEY DECIMAL CLASSIFICATION NUMBER | |
| Classification number | 625.15 |
| Author Mark | OBE |
| 100 1# - MAIN ENTRY--PERSONAL NAME | |
| Personal name | Obert, Leonard, |
| 9 (RLIN) | 23488 |
| 245 10 - TITLE STATEMENT | |
| Title | Rock mechanics and the design of structures in rock |
| Statement of responsibility, etc. | [by] Leonard Obert [and] Wilbur I. Duvall. |
| 260 ## - PUBLICATION, DISTRIBUTION, ETC. | |
| Place of publication, distribution, etc. | New York, |
| Name of publisher, distributor, etc. | Wiley |
| Date of publication, distribution, etc. | [1967] |
| 300 ## - PHYSICAL DESCRIPTION | |
| Extent | xix, 650 p. |
| Other physical details | illus. |
| Dimensions | 24 cm. |
| 504 ## - BIBLIOGRAPHY, ETC. NOTE | |
| Bibliography, etc. note | Includes bibliographies. |
| 650 #0 - SUBJECT ADDED ENTRY--TOPICAL TERM | |
| Topical term or geographic name entry element | Rock mechanics. |
| 9 (RLIN) | 23489 |
| 650 #0 - SUBJECT ADDED ENTRY--TOPICAL TERM | |
| Topical term or geographic name entry element | Underground construction. |
| 9 (RLIN) | 23490 |
| 700 1# - ADDED ENTRY--PERSONAL NAME | |
| Personal name | Duvall, Wilbur I., |
| Relator term | joint author. |
| 9 (RLIN) | 23491 |
| 942 ## - ADDED ENTRY ELEMENTS (KOHA) | |
| Source of classification or shelving scheme | |
| Koha item type | Book |
| Withdrawn status | Lost status | Source of classification or shelving scheme | Damaged status | Not for loan | Permanent Location | Current Location | Date acquired | Total Checkouts | Total Renewals | Full call number | Barcode | Date last seen | Date last checked out | Price effective from | Koha item type |
|---|---|---|---|---|---|---|---|---|---|---|---|---|---|---|---|
| School of Civil and Environmental Engineering (SCEE) | School of Civil and Environmental Engineering (SCEE) | 10/10/2019 | 1 | 1 | 625.15 OBE | NIT-12162 | 11/04/2020 | 10/10/2019 | 10/10/2019 | Book | |||||
| School of Civil and Environmental Engineering (SCEE) | School of Civil and Environmental Engineering (SCEE) | 11/14/2019 | 625.15 OBE | NIT-12161 | 11/14/2019 | 11/14/2019 | Book |
